Normal view
MARC view
Entry Personal Name
001 - CONTROL NUMBER
- control field: 252726
003 - CONTROL NUMBER IDENTIFIER
- control field: OSt
005 - DATE AND TIME OF LATEST TRANSACTION
- control field: 20260127102325.0
008 - FIXED-LENGTH DATA ELEMENTS
- fixed length control field: 260127|| aca||aabn | a|a d
040 ## - CATALOGING SOURCE
- Original cataloging agency: OSt
- Transcribing agency: OSt
100 ## - HEADING--PERSONAL NAME
- Personal name: KAMAT (N M)
- Dates associated with a name: ಕಾಮತ್ (ಎನ್ ಎಂ)
670 ## - SOURCE DATA FOUND
- Source citation: Work cat.: (OSt)144710: KAMAT (N M) ಕಾಮತ್ (ಎನ್ ಎಂ), Maharashtra, 1933